Library Catalog

Museums and the shaping of knowledge / (Record no. 492636)

MARC details
000 -LEADER
fixed length control field 00943nam a22002297a 4500
003 - CONTROL NUMBER IDENTIFIER
control field OSt
005 - DATE AND TIME OF LATEST TRANSACTION
control field 20260511084945.0
008 - FIXED-LENGTH DATA ELEMENTS--GENERAL INFORMATION
fixed length control field 260511b |||||||| |||| 00| 0 eng d
020 ## - INTERNATIONAL STANDARD BOOK NUMBER
International Standard Book Number 9780415070317
040 ## - CATALOGING SOURCE
Original cataloging agency Kenya National Library Service
082 ## - DEWEY DECIMAL CLASSIFICATION NUMBER
Classification number 069.5 HOO
100 ## - MAIN ENTRY--PERSONAL NAME
Personal name Hooper- GreenHill, Eilean
Relator term author.
245 ## - TITLE STATEMENT
Title Museums and the shaping of knowledge /
Statement of responsibility, etc. Eilean Hooper-Greenhill
300 ## - PHYSICAL DESCRIPTION
Extent 232 pages :
Other physical details colour illustrations,
Dimensions 23 cm.
520 ## - SUMMARY, ETC.
Summary, etc. Drawing on numerous case studies, Hooper-Greenhill presents a critical survey of major changes in current assumptions about the nature of museums, and proves that museums are consciously organizing their spaces and collections to aid self-learning.<br/>
650 ## - SUBJECT ADDED ENTRY--TOPICAL TERM
Topical term or geographic name entry element Museums - management
650 ## - SUBJECT ADDED ENTRY--TOPICAL TERM
Topical term or geographic name entry element Museum techniques
650 ## - SUBJECT ADDED ENTRY--TOPICAL TERM
Topical term or geographic name entry element Museums- educational aspects
942 ## - ADDED ENTRY ELEMENTS (KOHA)
Source of classification or shelving scheme Dewey Decimal Classification
Koha item type Books
Suppress in OPAC No
Holdings
Withdrawn status Source of classification or shelving scheme Damaged status Not for loan Home library Current library Date acquired Cost, normal purchase price Total checkouts Full call number Barcode Date last seen Price effective from Koha item type
  Dewey Decimal Classification     Information Access Acquisition, Cataloguing, Classification and Distribution Development 05/11/2026 3874.00   069.5 HOO B232451 05/11/2026 05/11/2026 Books

© 2025, Kenya National Library Service | Designed & Maintained by Uvumbuzi Center